000 00700nam a22002650a 4500
001 PT29883
003 AR-LpoUNG
005 20210131233551.0
008 191001s1967||||ag |||||||||||||||||spa d
040 _aAR-LpoUNG
_bspa
_cAR-LpoUNG
_eaacr
041 _aspa
044 _aag
082 0 _a501 114cie
100 1 _aBabini, José
245 1 0 _aCiencia, historia e historia de la ciencia
250 _a1§ edición
260 _aBuenos Aires :
_bCentro Editor de América Latina,
_c1967.
300 _a93 p. :
_btbls.
650 4 _aANALISIS HISTORICO
650 4 _aCIENCIA
650 4 _aCONOCIMIENTO
651 4 _aDOCUMENTOS TEORICOS O METODOLOGICOS
905 _a29883
942 _cLIB
999 _c21426
_d21426